书目信息 |
| 题名: |
非常荒诞
|
|
| 作者: | 崔苇 著 | |
| 分册: | ||
| 出版信息: | 济南 山东友谊出版社 2002.07 |
|
| 页数: | 203页 | |
| 开本: | 19cm | |
| 丛书名: | 点击经典文丛 | |
| 单 册: | ||
| 中图分类: | I106.4 | |
| 科图分类: | ||
| 主题词: | 小说--文学研究--世界 | |
| 电子资源: | ||
| ISBN: | 7-80642-522-5 | |
| 000 | 00720nam0 2200229 45 | |
| 001 | 0311170919 | |
| 005 | 20031219104121.5 | |
| 010 | @a7-80642-522-5@dCNY17.00 | |
| 100 | @a20031117d2002 km y0chiy0120 ea | |
| 101 | 0 | @achi |
| 105 | @aa z 000yy | |
| 200 | 1 | @a非常荒诞@AFei Chang Huang Dan@e逼近真相的舞蹈@EBi Jin Zhen Xiang De WuDao@f崔苇著@FCui Wei Zhu |
| 210 | @a济南@c山东友谊出版社@d2002.07 | |
| 215 | @a203页@c冠图,插图,附图@d19cm | |
| 225 | @a点击经典文丛@h2 | |
| 410 | @12001 @a点击经典文丛 | |
| 517 | @a逼近真相的舞蹈@ABi Jin Zhen Xiang De Wu Dao | |
| 606 | 0 | @a小说@x文学研究@y世界 |
| 690 | @aI106.4@v4 | |
| 701 | @a崔苇@4著 | |
| 801 | @aCN@bTSTC@c20031117 | |
| 905 | @b328198-202@dI106.4@e108:2@f5 | |
| 非常荒诞:逼近真相的舞蹈/崔苇著.-济南:山东友谊出版社,2002.07 |
| 203页:冠图,插图,附图;19cm.-(点击经典文丛.2) |
| ISBN 7-80642-522-5:CNY17.00 |
| ● |
| 相关链接 |
|
|
|
|
正题名:非常荒诞
索取号:I106.4/108:2
 
预约/预借
| 序号 | 登录号 | 条形码 | 馆藏地/架位号 | 状态 | 备注 |
| 1 | 0328198 | 203281983 | 第二借阅区/ [索取号:I106.4/108:2] | 在馆 | |
| 2 | 0328199 | 203281992 | 第二借阅区/ [索取号:I106.4/108:2] | 在馆 | |
| 3 | 0328200 | 203282009 | 第二借阅区/ [索取号:I106.4/108:2] | 在馆 | |
| 4 | 0328201 | 203282018 | 第二借阅区/ [索取号:I106.4/108:2] | 在馆 | |
| 5 | 0328202 | 203282027 | 第一样本阅览室/ [索取号:I106.4/108:2] | 在馆 |